|
|
|
|
| LEADER |
01198nam a2200289 a 4500 |
| 001 |
c000341777 |
| 003 |
CARM |
| 005 |
00000000000000.0 |
| 008 |
800528s1948 enk b 00010ceng d |
| 019 |
1 |
|
|a 2696984
|z 10329336
|z 14318580
|5 LACONCORD2021
|
| 035 |
|
|
|a (OCoLC)6798416
|5 LACONCORD2021
|
| 040 |
|
|
|d VBAX
|d ANL
|
| 043 |
|
|
|a e-uk---
|
| 082 |
1 |
|
|a 941.081
|a 920/.042
|2 19
|
| 100 |
1 |
|
|a Strachey, Lytton,
|d 1880-1932.
|
| 245 |
1 |
0 |
|a Eminent Victorians :
|b Cardinal Manning, Florence Nightingale, Dr. Arnold, General Gordon /
|c by Lytton Strachey.
|
| 260 |
|
|
|a Harmondsworth, Middlesex :
|b Penguin in association with Chatto & Windus,
|c 1948.
|
| 300 |
|
|
|a 319 p. ;
|c 18 cm.
|
| 490 |
0 |
|
|a Penguin books ;
|v 649
|
| 504 |
|
|
|a Includes bibliographical references.
|
| 600 |
1 |
0 |
|a Gordon, C. G.
|q (Charles George),
|d 1833-1885.
|
| 600 |
1 |
0 |
|a Arnold, Thomas,
|d 1795-1842.
|
| 600 |
1 |
0 |
|a Nightingale, Florence,
|d 1820-1910.
|
| 600 |
1 |
0 |
|a Manning, Henry Edward,
|d 1808-1892,
|
| 852 |
8 |
|
|b CARM
|h A1:AN17A0
|i A04628
|p 0411841
|f BK
|
| 999 |
f |
f |
|i 58e54797-d9a6-5589-b5ae-13538cbe0c76
|s 7358b570-15cd-510b-8bd1-d422f63dc19a
|
| 952 |
f |
f |
|p Can circulate
|a CAVAL
|b CAVAL
|c CAVAL
|d CARM 1 Store
|e A04628
|f A1:AN17A0
|h Other scheme
|i book
|m 0411841
|